Mavo le-sifrut ʻamamit (Record no. 33854)

MARC details
000 -LEADER
fixed length control field 00684cam a22002291 4500
001 - CONTROL NUMBER
control field he 68003328
003 - CONTROL NUMBER IDENTIFIER
control field DLC
005 - DATE AND TIME OF LATEST TRANSACTION
control field 20260227111505.0
008 - FIXED-LENGTH DATA ELEMENTS--GENERAL INFORMATION
fixed length control field 890109s1966 is 000 0 heb
010 ## - LIBRARY OF CONGRESS CONTROL NUMBER
LC control number he 68003328
035 ## - SYSTEM CONTROL NUMBER
System control number (OCoLC)18993856
040 ## - CATALOGING SOURCE
Original cataloging agency DLC
Transcribing agency TxU
Modifying agency TxU
-- DLC
050 00 - LIBRARY OF CONGRESS CALL NUMBER
Classification number GR98
Item number .N62
100 1# - MAIN ENTRY--PERSONAL NAME
Personal name Noy, Dov.
245 10 - TITLE STATEMENT
Title Mavo le-sifrut ʻamamit
Statement of responsibility, etc. [me-et] D. Noi. Rashmah ṿe-ʻorkhah lefi ha-hartsaʼot: Tsiporah Kagan.
260 ## - PUBLICATION, DISTRIBUTION, ETC.
Place of publication, distribution, etc. Yerushalayim,
Name of publisher, distributor, etc. Akademon,
Date of publication, distribution, etc. 726 [1966]
300 ## - PHYSICAL DESCRIPTION
Extent 1, 90 p.
Dimensions 27 cm.
500 ## - GENERAL NOTE
General note Cover title.
650 #0 - SUBJECT ADDED ENTRY--TOPICAL TERM
Topical term or geographic name entry element Jewish folk literature.
650 #0 - SUBJECT ADDED ENTRY--TOPICAL TERM
Topical term or geographic name entry element Folk literature
General subdivision Themes, motives.
700 1# - ADDED ENTRY--PERSONAL NAME
Personal name Kagan, Ziporah,
Relator term ed.

No items available.

Powered by Koha